LIBRARY ONLINE CATALOGUE

Fort Jesus Mombasa / (Record no. 13264)

MARC details
000 -LEADER
fixed length control field 00561cam a22001932 4500
001 - CONTROL NUMBER
control field 0000009746
005 - DATE AND TIME OF LATEST TRANSACTION
control field 20151217155843.0
008 - FIXED-LENGTH DATA ELEMENTS--GENERAL INFORMATION
fixed length control field 081125s xx 000 0 eng d
040 ## - CATALOGING SOURCE
Original cataloging agency KABU
Transcribing agency KABU
100 1# - MAIN ENTRY--PERSONAL NAME
Personal name Kirkman, James.
-- 0000148736
245 10 - TITLE STATEMENT
Title Fort Jesus Mombasa /
Statement of responsibility, etc. James Kirkman.
250 ## - EDITION STATEMENT
Edition statement 5th ed.
260 ## - PUBLICATION, DISTRIBUTION, ETC. (IMPRINT)
Place of publication, distribution, etc. Mombasa, Kenya :
Name of publisher, distributor, etc. Rodwell Press,
Date of publication, distribution, etc. 1970.
300 ## - PHYSICAL DESCRIPTION
Extent 25 p.
651 #0 - SUBJECT ADDED ENTRY--GEOGRAPHIC NAME
Geographic name Fort Jesus, Mombasa (Kenya)
-- 0000161514
852 1# - LOCATION
-- p100 KES
908 ## - PUT COMMAND PARAMETER (RLIN)
Put command parameter 081125
950 ## - LOCAL HOLDINGS (RLIN)
-- 1
Holdings
Withdrawn status Lost status Source of classification or shelving scheme Not for loan Home library Current library Date acquired Total Checkouts Full call number Barcode Date last seen Price effective from Koha item type
    Library of Congress Classification   Kabarak, Main Campus Kabarak, Main Campus 17/12/2015   DT434 .F6K57 1970 c. 1 15603 17/12/2015 17/12/2015 Africana Collection